[Event "Perm AVGRT op"]
[Site "Perm"]
[Date "2006.08.08"]
[Round "6"]
[White "Bikmukhametov, Albert"]
[Black "Volodin, Ivan"]
[Result "0-1"]
[WhiteElo "1987"]
[BlackElo "1986"]
[PlyCount "92"]
[EventDate "2006.08.03"]
[EventType "swiss"]
[EventRounds "9"]
[EventCountry "RUS"]
[SourceTitle "EXT 2008"]
[Source "ChessBase"]
[SourceDate "2007.11.25"]
[SourceVersion "1"]
[SourceVersionDate "2007.11.25"]
[SourceQuality "1"]

1. e4 c5 2. Nf3 Nf6 3. e5 Nd5 4. Nc3 e6 5. Nxd5 exd5 6. d4 Nc6 7. dxc5 Bxc5 8. Qxd5 Qb6 9. Bc4 Bxf2+ 10. Ke2 0-0 11. Rf1 Bc5 12. Ng5 Nd4+ 13. Kd1 Ne6 14. Ne4 Be7 15. Nd6 Bxd6 16. Qxd6 Qxd6+ 17. exd6 Rb8 18. Be3 b6 19. a4 Bb7 20. Rf2 Rbc8 21. b3 Rc6 22. Rd2 Rcc8 23. a5 Nc5 24. Bd5 Bxd5 25. Rxd5 Rfe8 26. Bd2 h6 27. axb6 axb6 28. b4 Ne4 29. Ra7 Ra8 30. Rxa8 Rxa8 31. Ke2 Nxd2 32. Kxd2 f6 33. Rd4 Kf7 34. Kd3 Ke6 35. b5 Ra3+ 36. c3 Ra2 37. Rg4 g5 38. h4 h5 39. Re4+ Kxd6 40. hxg5 fxg5 41. g4 h4 42. Rd4+ Kc5 43. Rxd7 Rg2 44. c4 Rg3+ 45. Ke4 Rxg4+ 46. Kf3 Rxc4 0-1

[Event "Perm AVGRT op"]
[Site "Perm"]
[Date "2006.08.04"]
[Round "2"]
[White "Bikmukhametov, Albert"]
[Black "Goldshtein, Grigory"]
[Result "0-1"]
[WhiteElo "1987"]
[BlackElo "2140"]
[PlyCount "57"]
[EventDate "2006.08.03"]
[EventType "swiss"]
[EventRounds "9"]
[EventCountry "RUS"]
[SourceTitle "EXT 2008"]
[Source "ChessBase"]
[SourceDate "2007.11.25"]
[SourceVersion "1"]
[SourceVersionDate "2007.11.25"]
[SourceQuality "1"]

1. e4 e6 2. d4 d5 3. Nc3 Nf6 4. e5 Nfd7 5. f4 c5 6. Nf3 Nc6 7. Be3 Qb6 8. Na4 Qa5+ 9. c3 cxd4 10. Nxd4 Nxd4 11. Bxd4 b5 12. Nc5 Nxc5 13. b4 Qb6 14. Rb1 Bd7 15. a4 a6 16. axb5 axb5 17. Qg4 Qc7 18. bxc5 Bxc5 19. Qxg7 Rf8 20. Qg3 Bxd4 21. cxd4 Qa5+ 22. Kd1 b4 23. Bd3 b3 24. Ke2 Qc3 25. Qe3 Ra2+ 26. Kf3 b2 27. Rhd1 Ra3 28. Ke2 Rg8 29. g3 0-1